Axés do sangue e da esperanca: orikis

Guardat en:
Dades bibliogràfiques
Autor principal: Nascimento, Abdias do (autor)
Format: Llibre
Idioma:portuguès
Publicat: Río de Janeiro Achiame 1983
Matèries:
Etiquetes: Afegir etiqueta
Sense etiquetes, Sigues el primer a etiquetar aquest registre!

MARC

LEADER 00000nam a2200000 a 4500
001 UCI2724
003 CL-VaPUC
008 070907e19830000BL |||||||||||||||||por|d
082 0 4 |a B869.4  |b NAS  |2 21 
100 |a Nascimento, Abdias do  |e autor  |9 523898 
245 1 0 |a Axés do sangue e da esperanca: orikis 
300 |a 109 p 
942 |c BK 
945 |d 20070907 00:00:00  |a jtorresc 
260 |a Río de Janeiro  |b Achiame  |c 1983 
650 0 |a Poesia brasileña  |9 325183 
583 |a last modification  |c 20070907 00:00:00  |k Rodrigo Vera 
999 |c 327195  |d 327193 
952 |0 0  |1 0  |4 0  |6 B_869_400000000000000_NAS_1983  |7 0  |8 A  |9 409686  |a BIBARQ  |b BIBARQ  |d 2019-11-22  |i 4369475  |l 1  |o B869.4 NAS 1983  |p 4369475  |r 2025-01-20  |s 2023-08-28  |w 2019-11-22  |y BK  |k ARQ